Les Stations du métro parisien - Statistiques

Statistiques générales
  • Ce quiz a été pris 312 fois
    257 depuis la dernière actualisation
  • Le résultat moyen est 207 sur 391
Statistiques - réponses
Lignes Réponse % Correct
1 | 4 | 11 | 14 Châtelet
92%
7 Châtelet (Pont au Change)
92%
9 Nation (Place des Antilles)
92%
1 | 2 | 6 Nation
90%
4 | 5 | 7 Gare de l'Est (Verdun)
87%
1 | 14 Gare de Lyon
87%
4 | 5 Gare du Nord
87%
1 La Défense (Grand Arche)
87%
3 | 5 | 8 | +2 others République
86%
4 | 6 | 12 | 13 Montparnasse - Bienvenüe
85%
3 | 12 | 13 | 14 Saint-Lazare
85%
4 Les Halles
84%
1 | 2 | 6 Charles de Gaulle - Etoile
83%
1 | 5 | 8 Bastille
81%
5 | 6 | 7 Place d'Italie
80%
6 | 14 Bercy
79%
3 | 7 | 8 Opéra
79%
5 | 10 Gare d'Austerlitz
78%
1 | 8 | 12 Concorde
77%
1 | 11 Hôtel de Ville
77%
4 Strasbourg Saint-Denis
77%
8 | 9 Strasbourg - Saint-Denis
77%
1 Château de Vincennes
75%
1 Saint-Paul (Le Marais)
75%
2 | 5 | 7 Stalingrad
75%
2 | 4 Barbès Rochechouart
74%
1 Louvre - Rivoli
73%
4 Porte de Clignancourt (Puces de Saint-Ouen)
73%
4 Cité
71%
8 | 12 | 14 Madeleine
71%
4 | 10 Odéon
71%
2 | 12 Pigalle
71%
2 | 13 Place de Clichy
71%
7 | 14 Pyramides
71%
4 Saint-Michel
71%
4 Denfert-Rochereau (Colonel Rol Tanguy)
70%
6 Denfert Rochereau (Colonel Rol Tanguy)
70%
2 | 5 | 7bis↨ Jaurès
70%
3 | 11 Arts et Métiers
69%
4 Château Rouge
69%
11 | 3bis Porte des Lilas (Cirque Electrique)
69%
6 | 9 Trocadéro
69%
8 Balard
68%
13 Champs-Elysées - Clemenceau (Grand Palais)
68%
4 Château d'Eau
68%
8 | 9 Grands Boulevards
68%
1 Tuileries
68%
1 Champs-Elysées - Clemenceau (Grand Palais)
67%
8 | 13 Invalides
67%
2 | 3 Père Lachaise
66%
1 Porte de Vincennes
66%
3 Réaumur - Sébastopol
66%
4 Réaumur Sébastopol
66%
1 Porte Maillot (Palais des Congrès)
65%
1 Argentine
64%
2 | 11 Belleville
64%
8 | 9 Bonne Nouvelle
64%
14 Olympiades
64%
4 Saint-Placide
63%
2 Anvers (Sacré Coeur)
62%
14 Bibliothèque François Mitterrand
62%
2 La Chapelle
62%
1 | 7 Palais Royal - Musée du Louvre
62%
4 Saint-Sulpice
62%
6 Bir-Hakeim (Tour Eiffel)
61%
2 Blanche
61%
5 | 9 Oberkampf
61%
4 Porte d'Orléans (Général Leclerc)
61%
2 Ménilmontant
60%
1 | 9 Franklin D. Roosevelt
59%
12 Mairie d'Issy
59%
13 | 14 Porte de Clichy (Tribunal de Paris)
59%
4 Alésia
58%
12 Assemblée Nationale
58%
3 Bourse
58%
6 | 8 Daumesnil (Félix Eboué)
58%
4 Etienne Marcel
58%
13 La Fourche
58%
4 Mairie de Montrouge
58%
2 Porte Dauphine (Maréchal de Lattre de Tasigny)
58%
5 Porte de Pantin (Parc de la Villette)
58%
2 Rome
58%
4 Saint-Germain-des-Près
58%
9 Voltaire (Léon Blum)
58%
9 Mairie de Montreuil
57%
12 Abbesses (Butte Montmatre)
56%
10 | 13 Duroc
56%
1 George V
56%
7 Les Gobelins
56%
11 Mairie des Lilas
56%
3 Porte de Bagnolet
56%
12 Porte de Versailles (Parc des Expositions de Paris)
56%
7 Porte d'Italie
56%
2 Victor Hugo
56%
8 Filles du Calvaire
55%
7 | 10 Jussieu
55%
4 | 12 Marcadet - Poissonniers
55%
6 | 12 Pasteur
55%
5 Quai de la Râpée
55%
4 Simplon
55%
11 | 7bis→ Place des Fêtes
54%
2 Alexandre Dumas
53%
2 Colonel Fabien
53%
8 Commerce
53%
1 Esplanade de la Defense
53%
3 Gallieni (Parc de Bagnolet)
53%
6 Glacière
53%
6 La Motte Picquet Grenelle
53%
8 La Motte-Picquet - Grenelle
53%
10 La Motte Picquet - Grenelle
53%
5 Laumière
53%
1 Les Sablons (Jardin D'acclimatation)
53%
13 Mairie de Saint-Ouen (Région Île-de-France)
53%
5 Ourcq
53%
7 Porte d'Ivry
53%
1 | 8 Reuilly - Diderot
53%
1 Saint - Mandé
53%
10 Sèvres - Babylone
53%
12 Sèvres Babylone
53%
2 | 3 Villiers
53%
12 Convention
52%
3 | 9 Havre - Caumartin
52%
9 Iéna
52%
9 | 13 Miromesnil
52%
7 Porte de la Villette (Cité des Sciences et de L'industrie)
52%
13 Porte de Saint-Ouen
52%
7bis↨ Buttes Chaumont
51%
3 Europe (Simone Veil)
51%
3 | 3bis Gambetta
51%
14 Mairie de Saint-Ouen (Région-île-de-France)
51%
3 Parmentier
51%
6 Passy
51%
6 Picpus (Courteline)
51%
7 Poissonnière
51%
9 Porte de Montreuil
51%
11 Pyrénées
51%
4 | 6 Raspail
51%
3 Temple
51%
4 Vavin
51%
7 | 7bis↨ Louis Blanc
50%
8 Porte Dorée
50%
11 Rambuteau (Centre Georges Pompidou)
50%
5 Richard Lenoir
50%
8 Richelieu - Drouot
50%
9 Richelieu Drouot
50%
14 Cour Saint-Emilion
49%
10↓ | 9 Michel-Ange - Molitor
49%
2 Monceau
49%
1 Pont de Neuilly
49%
7 Tolbiac
49%
4 Barbara
48%
5 Campo Formio
48%
8 Ecole Militaire
48%
6 Quai de la Gare
48%
3 Sentier
48%
11 Télégraphe
48%
5 Bobigny - Pablo Picasso (Préfecture - Hôtel du Département)
47%
5 Jacques Bonsergent
47%
12 Jules Joffrin
47%
7 Mairie d'Ivry
47%
6 Nationale
47%
12 Notre-Dame-de-Lorette
47%
12 Porte de la Chapelle (Saint-Denis)
47%
3 Quatre-Septembre
47%
9 Saint-Augustin
47%
12 Solferino (Musée d'Orsay)
47%
2 Ternes
47%
6 Kléber
46%
13 Saint-Denis - Université
46%
12 Vaugirard (Adolphe Chérioux)
46%
10 Cluny - La Sorbonne
45%
2 Couronnes
45%
7 Crimée
45%
6 Edgar Quinet
45%
7 Le Kremlin Bicêtre
45%
12 Marx Dormoy
45%
9 Pont de Sèvres
45%
9 Porte de Saint-Cloud (Parc des Princes)
45%
9 Alma - Marceau
44%
6 Dupleix
44%
7 Pont Neuf (La Monnaie)
44%
12 Rennes
44%
12 Rue du Bac
44%
14 Saint-Ouen
44%
9 Charonne
43%
8 Chemin Vert
43%
10↑ | 9 Michel-Ange - Auteuil
43%
4 Mouton-Duvernet
43%
9 Ranelagh
43%
4 Bagneux - Lucie Aubrac
42%
1 Bérault
42%
7 Corentin Cariou
42%
8 Créteil - Préfecture (Hôtel de Ville)
42%
7 Maison Blanche
42%
7 Pont Marie (Cité des Arts)
42%
3 Porte de Champerret
42%
13 Porte de Vanves
42%
9 Rue des Boulets
42%
9 Saint-Ambroise
42%
2 Avron
41%
6 Chevaleret
41%
13 Gaîté (Joséphine Baker)
41%
12 Mairie d'Aubervilliers (Plaine des Vertus)
41%
7 Place Monge (Jardin des Plantes et Arène de Lutèce)
41%
6 Bel-Air
40%
7 Cadet
40%
13 Châtillon - Montrouge
40%
7 Chaussée d'Antin - La Fayette
40%
9 Chaussée-d'Antin - La Fayette
40%
12 Corentin Celton
40%
2 Courcelles
40%
5 Eglise de Pantin
40%
11 Goncourt (Hôpital Saint-Louis)
40%
9 La Muette
40%
8 Ledru - Rollin
40%
2 Phillippe Auguste
40%
10↑ Porte d'Auteuil
40%
7 Riquet
40%
6 Saint-Jacques
40%
6 Sèvres - Lecourbe
40%
12 Volontaires
40%
3 Wagram
40%
12 Notre-Dame-des-Champs
39%
12 Saint-Georges
39%
8 Créteil - Pointe du Lac
38%
9 Jasmin
38%
12 Lamarck - Caulaincourt
38%
3 Louise Michel
38%
7 Porte de Choisy
38%
3 Rue Saint-Maur
38%
6 Corvisart
37%
8 Créteil - Université
37%
8 Félix - Faure
37%
13 Guy Môquet
37%
5 Hoche
37%
8 Porte de Charenton
37%
12 (Aubervilliers - Saint-Denis) Front Populaire
36%
7bis↨ Botzaris
36%
5 Bréguet Sabin
36%
6 Dugommier
36%
12 Falguière
36%
11 Jourdain
36%
8 La Tour-Maubourg
36%
13 Liège
36%
3 Pereire (Maréchal Juin)
36%
13 Plaisance
36%
3 Pont de Levallois - Bécon
36%
9 Robespierre
36%
9 Rue de la Pompe (Avenue Georges-Mandel)
36%
5 Saint-Marcel
36%
12 Trinité - d'Estienne d'Orves
36%
7bis↨ Bolivar
35%
6 Cambronne
35%
7 Censier - Daubenton
34%
7 Château Landon
34%
7bis→ Danube
34%
7 Le Peletier
34%
8 Lourmel
34%
13 Mairie de Clichy
34%
13 Pernety
34%
13 Saint-François-Xavier
34%
7 Sully - Morland
34%
7 Villejuif - Louis Aragon
34%
8 Boucicaut
33%
10 Cardinal Lemoine
33%
10 Charles Michels
33%
3 Malesherbes
33%
9 Billancourt
32%
6 Boissiere
32%
10↑ Eglise d'Auteuil
32%
9 Exelmans
32%
13 Garibaldi
32%
10 Javel - André Citroën
32%
7 La Courneuve - 8 Mai 1945
32%
8 Liberté
32%
13 Malakoff - Plateau de Vanves
32%
9 Maraîchers
32%
7 Pierre et Marie Curie
32%
14 Pont Cardinet
32%
13 (Asnières - Gennevilliers) Les Courtilles
31%
13 Basilique de Saint-Denis (Hôtel de Ville)
31%
8 Ecole Vétérinaire de Maisons-Alfort
31%
9 Marcel Sembat
31%
10 Maubert - Mutualité
31%
8 Saint-Sébastien - Froissart
30%
13 Varenne
30%
3 Anatole France
29%
13 (Asnières - Gennevilliers) Gabriel Péri
29%
9 Croix de Chavaux (Place Jacques Duclos)
29%
10 Mabillon
29%
7bis→ Pré Saint-Gervais
29%
9 Saint-Philippe-du-Roule
29%
13 (Asnières - Gennevilliers) Les Agnettes
28%
10 Boulogne - Pont de Saint-Cloud (Rhin et Danube)
28%
10↓ Mirabeau
28%
3bis Saint-Fargeau
28%
10 Ségur (UNESCO)
28%
12 (Aubervilliers) Aimé Césaire
27%
10 Avenue Emile Zola
27%
9 Buzenval
27%
8 Charenton - Ecoles (Place Aristide Briand)
27%
7 Fort d'Aubervilliers
27%
8 Montgallet
27%
3bis Pelleport
27%
7 Villejuif - Léo Lagrange
27%
10 Vaneau
26%
5 Bobigny - Pantin - Raymond Queneau
25%
13 Brochant
25%
8 Créteil l'Echat (Hôpital Henri Mondor)
25%
13 Saint-Denis - Porte de Paris (Stade de France)
25%
8 Maisons-Alfort - Stade
24%
7 Villejuif - Paul Vaillant Couturier (Hôpital Paul Brousse)
24%
8 Faidherbe - Chaligny
23%
8 Maisons-Alfort - Les Juilliottes
23%
8 Michel Bizot
23%
13 Malakoff - Rue Etienne Dolet
22%
7 Aubervilliers - Pantin - Quatre Chemins
21%
10 Boulogne - Jean Jaurès
21%
13 Carrefour Pleyel
21%
10↓ Chardon-Lagache
16%
Aucun quiz correspondant
Distribution des résultats
% des personnes avec chaque résultat
Percentile par nombre de réponses
Votre historique - résultats
Vous n’avez pas pris ce quiz depuis la dernière actualisation